U.S. State By Iconic Food #1 - Statistics

General Stats
  • This quiz has been taken 32 times
  • The average score is 18 of 25
Answer Stats
Hint Answer % Correct
Potatoes Idaho
93%
Deep Dish Pizza Illinois
90%
Gumbo Louisiana
90%
Clam Chowder Massachusetts
87%
Lobster Roll Maine
83%
Bagels New York
83%
Cheesesteak Pennsylvania
83%
Maple Syrup Vermont
83%
Key-Lime Pie Florida
80%
Peach Cobbler Georgia
80%
Barbecue Brisket Texas
80%
Fried Chicken Kentucky
77%
Rocky Mountain Oysters Colorado
73%
Cheese Curds Wisconsin
73%
Avocado Toast California
70%
Apples Washington
67%
Green Chile Cheeseburger New Mexico
63%
Bison Burger Wyoming
63%
Poke Bowl Hawaii
60%
Sweet Corn Iowa
60%
Blue Crab Maryland
60%
Skyline Chili Ohio
57%
King Crab Alaska
47%
Barbecue Ribs Kansas
40%
Hot Dish Minnesota
30%
No matching quizzes found
Score Distribution
Percent of People with Each Score
Percentile by Number Answered
Your Score History
You have not taken this quiz